Statistiche per Stati per consumo di Carne

Clicka qui per fare il quiz!

Statistiche generali

  • Questo quiz è stato fatto 9 volte
  • Il punteggio medio è 10 su 15

Statistiche sulle risposte

Kg carne / persona / annoContinenteNazione% Corretto
109,39America del SudArgentina
100%
121,61OceaniaAustralia
100%
87,79EuropaGermania
100%
124,11America del NordStati Uniti
100%
100,90OceaniaNuova Zelanda
86%
87,81Asia / EuropaRussia
86%
100,26EuropaSpagna
86%
88,71EuropaPolonia
71%
88,38AsiaMongolia
57%
96,68OceaniaSamoa
57%
94,04EuropaPortogallo
43%
90,90America del NordSaint Lucia
43%
61,05America del NordSaint Vincent e Grenadine
29%
91,02EuropaIslanda
14%
97,02AsiaIsraele
14%

Distribuzione punteggi

Percentile per numero di risposta

Percentuale di utenti per punteggio

I tuoi punteggi nel tempo

Non hai fatto questo quiz